000 00527nam a22001817a 4500
999 _c7934
_d7934
003 OSt
005 20220803105638.0
008 220803b ||||| |||| 00| 0 eng d
040 _cddc
082 _a632.9 CRO 2016
100 _aGireesh, Chand; Santosh,Kumar
_916125
245 _aCrop Diseases and their management:
_bIntegrated Approaches
260 _aOakville:
_bApple Academic Press;
_c2016,
300 _axvi,404p.:
_bill;
_c26cm.
504 _aIncludes references.
650 _aCrop Diseases
_916126
942 _2ddc
_cBOOK